にじさんじ 所属ライバー - Statistics

General Stats
  • This quiz has been taken 216 times
  • The average score is 58 of 122
Answer Stats
ライバー名 活動開始日 % Correct
月ノ美兎 2018年2月8日
85%
剣持刀也 2018年3月15日
85%
樋口楓 2018年2月8日
80%
社築 2018年6月3日
78%
葛葉 2018年7月30日
78%
2018年5月2日
73%
える 2018年2月8日
68%
静凛 2018年2月8日
67%
笹木咲 2018年7月6日
67%
椎名唯華 2018年7月30日
66%
不破湊 2019年11月28日
66%
渋谷ハジメ 2018年2月8日
65%
ジョー・力一 2018年8月31日
65%
本間ひまわり 2018年7月6日
64%
でびでび・でびる 2018年8月31日
64%
加賀美ハヤト 2019年7月3日
64%
リゼ・ヘルエスタ 2019年3月22日
62%
イブラヒム 2020年1月30日
62%
勇気ちひろ 2018年2月8日
61%
花畑チャイカ 2018年6月3日
61%
アンジュ・カトリーナ 2019年3月22日
61%
星川サラ 2019年10月17日
61%
ギルザレンIII世 2018年3月15日
61%
伏見ガク 2018年3月15日
60%
舞元啓介 2018年8月9日
60%
戌亥とこ 2019年3月22日
60%
周央サンゴ 2020年8月6日
58%
モイラ 2018年2月8日
57%
緑仙 2018年6月3日
57%
レイン・パターソン 2021年7月19日
57%
壱百満天原サロメ 2022年5月21日
57%
夜見れな 2019年7月3日
56%
ローレン・イロアス 2021年7月19日
56%
文野環 2018年3月15日
55%
魔界ノりりむ 2018年7月30日
55%
ベルモンド・バンデラス 2018年9月25日
55%
甲斐田晴 2020年4月2日
55%
鈴谷アキ 2018年2月8日
54%
夕陽リリ 2018年3月15日
53%
三枝明那 2019年4月2日
53%
アルス・アルマル 2019年7月24日
53%
鈴鹿詩子 2018年3月15日
52%
赤羽葉子 2018年5月2日
52%
天宮こころ 2019年8月8日
52%
北小路ヒスイ 2020年8月6日
52%
レオス・ヴィンセント 2021年7月19日
52%
フレン・E・ルスタリオ 2020年1月30日
52%
ドーラ 2018年6月3日
51%
グウェル・オス・ガール 2019年11月28日
51%
森中花咲 2018年3月15日
50%
シスター・クレア 2018年6月3日
50%
黒井しば 2018年9月25日
50%
葉加瀬冬雪 2019年7月3日
50%
白雪巴 2019年11月28日
50%
長尾景 2020年4月2日
50%
西園チグサ 2020年8月6日
50%
オリバー・エバンス 2021年7月19日
50%
家長むぎ 2018年3月15日
49%
卯月コウ 2018年6月3日
48%
夢追翔 2018年9月25日
48%
鈴木勝 2018年6月3日
47%
フミ 2019年10月17日
47%
先斗寧 2022年3月16日
47%
竜胆尊 2018年8月31日
45%
町田ちま 2018年8月31日
45%
山神カルタ 2019年10月17日
45%
四季凪アキラ 2022年7月13日
44%
鷹宮リオン 2018年8月9日
43%
早瀬走 2019年9月19日
43%
健屋花那 2019年9月19日
43%
シェリン・バーガンディ 2019年9月19日
43%
鏑木ろこ 2023年1月16日
43%
東堂コハク 2020年8月6日
42%
エクス・アルビオ 2019年5月17日
41%
相羽ういは 2019年7月24日
41%
エリー・コニファー 2019年8月8日
41%
ラトナ・プティ 2019年8月8日
41%
弦月藤士郎 2020年4月2日
41%
海妹四葉 2022年3月16日
41%
天ヶ瀬むゆ 2022年3月16日
41%
ソフィア・ヴァレンタイン 2023年1月16日
41%
石神のぞみ 2023年1月16日
41%
宇志海いちご 2018年3月15日
40%
轟京子 2018年6月3日
39%
ましろ爻 2019年12月26日
39%
倉持めると 2023年1月16日
39%
郡道美玲 2019年1月17日
38%
愛園愛美 2019年4月2日
38%
えま★おうがすと 2019年10月31日
38%
ルイス・キャミー 2019年10月31日
38%
朝日南アカネ 2020年8月6日
38%
獅子堂あかり 2023年1月16日
38%
魔使マオ 2019年10月31日
37%
奈羅花 2019年12月26日
37%
空星きらめ 2020年6月30日
37%
小清水透 2023年1月16日
37%
春崎エアル 2018年8月9日
36%
語部紡 2019年1月28日
36%
ニュイ・ソシエール 2019年6月19日
36%
渡会雲雀 2022年7月13日
36%
セラフ・ダズルガーデン 2022年7月13日
35%
安土桃 2018年6月3日
34%
成瀬鳴 2018年9月25日
34%
小野町春香 2019年1月28日
34%
五十嵐梨花 2023年1月16日
33%
物述有栖 2018年3月15日
32%
雨森小夜 2018年8月9日
32%
佐伯イッテツ 2023年3月30日
32%
レヴィ・エリファ 2019年5月17日
31%
来栖夏芽 2019年12月26日
31%
風楽奏斗 2022年7月13日
31%
神田笑一 2018年8月9日
30%
雪城眞尋 2019年4月29日
29%
宇佐美リト 2023年3月30日
29%
矢車りね 2018年9月25日
28%
夢月ロア 2019年1月17日
28%
瀬戸美夜子 2019年1月28日
28%
葉山舞鈴 2019年6月19日
27%
赤城ウェン 2023年3月30日
27%
桜凛月 2018年8月31日
25%
飛鳥ひな 2018年8月9日
24%
緋八マナ 2023年3月30日
24%
No matching quizzes found
Score Distribution
Percent of People with Each Score
Percentile by Number Answered
Your Score History
You have not taken this quiz